| 000 | 01788nam a22002655a 4500 | ||
|---|---|---|---|
| 003 | OSt | ||
| 005 | 20170201125242.0 | ||
| 008 | 160907s2005 ua fr 000 0 ara d | ||
| 015 | _a2004/22148 | ||
| 020 | _a9772416220 | ||
| 040 |
_aEG-ScBUE _bara _cEG-ScBUE |
||
| 043 | _af-ua--- | ||
| 082 | 0 | 4 |
_a346.62048 _bق ا ن _222 |
| 110 | 1 |
_aمصر. _bمجلس الشعب. _941043 |
|
| 245 | 1 | 0 |
_aقانون حماية حقوق الملكية الفكرية : _bالقانون رقم 82 لسنة 2002 : وقرار رئيس مجلس الوزراء رقم 1366 لسنة 2003 بإصدار اللائحة التنفيذية للكتاب الأول والثاني والرابع من قانون حماية حقوق الملكية الفكرية / _cمجلس الشعب ؛ [راجعها وأعدها أحمد علي حسن] |
| 260 |
_aالقاهرة : _bمكتبة الآداب، _c2005. |
||
| 300 |
_a140 ص. ؛ _c24 سم. |
||
| 505 | _aالكتاب الأول. براءات الاختراع ونماذج المنفعة، ومخططات التصميمات للدوائر المتكاملة، والمعلومات غير المصفح عنها -- الكتاب الثاني. العلامات والبيانات التجارية، والمؤشرات الجغرافية، والتصميمات والنماذج الصناعية -- الكتاب الثالث. حقوق المؤلف والحقوق المجاورة -- الكتاب الرابع. الأصناف النباتية. | ||
| 650 | 7 |
_aحقوق التأليف والنشر _xقوانين وتشريعات _zمصر. _2BUEsh _941044 |
|
| 650 | 7 |
_aبراءات الاختراع _xقوانين وتشريعات _zمصر. _2BUEsh _941045 |
|
| 651 | _2BUEsh | ||
| 653 |
_bLLAAWW _cSeptember2016 |
||
| 700 | 1 |
_aحسن، أحمد علي. _941046 |
|
| 942 | _2ddc | ||
| 999 |
_c22318 _d22290 |
||